Loading...
| Science - Other | 0 | 3 | 0 | 0 | 30 | 58 | 86.33 | 1 | 3 | 0.00 | 0.00 |
| Science - Biology | 0 | 3 | 0 | 0 | 30 | 93 | 108.00 | 0 | 1 | 0.00 | 0.00 |
| Religion | 0 | 2 | 0 | 1 | 20 | 73 | 97.50 | 1 | 1 | 0.00 | 0.00 |
| Social Science | 0 | 2 | 0 | 0 | 20 | 91 | 95.50 | 1 | 2 | 0.00 | 0.00 |
| Other | 0 | 2 | 0 | 1 | 20 | 86 | 93.00 | 0 | 2 | 0.00 | 0.00 |
| Science - Physics | 0 | 2 | 0 | 1 | 20 | 110 | 119.00 | 0 | 1 | 0.00 | 0.00 |
| Literature - British | 0 | 1 | 0 | 0 | 10 | 146 | 146.00 | 0 | 1 | 0.00 | 0.00 |
| Mythology | 0 | 1 | 0 | 0 | 10 | 139 | 139.00 | 0 | 1 | 0.00 | 0.00 |
| Science - Chemistry | 0 | 0 | 0 | 0 | 0 | 0.00 | 0 | 0 | 0.00 | 0.00 | |
| Fine Arts - Other | 0 | 0 | 0 | 0 | 0 | 0.00 | 0 | 0 | 0.00 | 0.00 |